000 00937cam a22001934a 4500
005 20250605164145.0
008 250528s ||||||||||||||||||||||||d
035 _a19116
020 _a521272157
040 _aGR-AtMCL
_bgre
_dGR-AtMCL
_eAACR2
245 1 _aStandards of Living in the Later Middle Ages / Social Change in England c. 1200-1520
260 _bCambridge University Press,
_c1993
300 _a304
520 _aPreface, Acknowledgements, Weights and Measures and Places, Introduction, Late Medieval Society, Aristocratic Incomes, The Aristocracy as Consumers, Aristocratic Expenditure: Making Ends Meet, Peasant Living Standards: Modelling the Peasant Economy, Peasants as Consumers, Urban Standards of Living, The Wage-Earners, Poverty and Charity, The Weather and Standards of Living, Conclusion, Bibliography, Index.
700 1 _aDyer Christopher
_95362
942 _cBK
999 _c4395
_d4395